Normal view
MARC view
Entry Personal Name
001 - CONTROL NUMBER
- control field: 154537
003 - CONTROL NUMBER IDENTIFIER
- control field: OSt
005 - DATE AND TIME OF LATEST TRANSACTION
- control field: 20220918231418.0
008 - FIXED-LENGTH DATA ELEMENTS
- fixed length control field: 220918|| aca||aabn | a|a d
040 ## - CATALOGING SOURCE
- Original cataloging agency: OSt
- Transcribing agency: OSt
100 ## - HEADING--PERSONAL NAME
- Personal name: d`.k dqekj] laik-
670 ## - SOURCE DATA FOUND
- Source citation: Work cat.: (OSt)290991: d`.k dqekj] laik-, laLd`r ik.Mqfyfi;ksa dh xzUFk fooj.kh, 1985
